000 00515nam a2200217Ia 4500
003 OSt
005 20221005131325.0
006 a|||||r|||| 00| 0
007 ta
008 221004b |||||||| |||| 00| 0 snd d
024 _a7365
037 _cTextual
040 _aCRL
_cCRL
_bsnd
041 _2snd
_asnd
082 _aV233:1.N1, 1593H8
100 _aThadani
245 0 _aSindh ja Mir
260 _c1948
942 _hV233:1.N1, 1593H8
_cTEXL
_2cc
999 _c1059954
_d1059954